[Event "BAN-chT Premier"]
[Site "Dhaka"]
[Date "2025.05.02"]
[Round "9.4"]
[White "Avik, Sarker"]
[Black "Anisur, Rahman"]
[Result "1-0"]
[WhiteElo "1947"]
[BlackElo "1851"]
[PlyCount "63"]
[EventDate "2025.04.24"]
[EventType "team-tourn"]
[EventRounds "9"]
[EventCountry "BAN"]
[SourceTitle "CB20_2025"]
[SourceDate "2025.05.14"]
[SourceVersion "1"]
[SourceVersionDate "2025.05.14"]
[SourceQuality "1"]
[WhiteTeam "Leonine CC"]
[BlackTeam "Bangladesh Police"]
[WhiteTeamCountry "BAN"]
[BlackTeamCountry "BAN"]

1. d4 d5 2. Bf4 Nf6 3. e3 e6 4. Nf3 Bd6 5. Bg3 0-0 6. Bd3 Nbd7 7. Nbd2 Re8 8. Ne5 Nf8 9. f4 c5 10. c3 Bd7 11. Qf3 Rc8 12. Bf2 Bb8 13. g4 Bc6 14. h4 N6d7 15. g5 cxd4 16. exd4 Bxe5 17. fxe5 a5 18. Rg1 b5 19. h5 Nb6 20. g6 fxg6 21. hxg6 Nxg6 22. Rxg6 hxg6 23. Bxg6 Qg5 24. Qf7+ Kh8 25. 0-0-0 Qh6 26. Be3 Qh3 27. Rf1 Nc4 28. Nxc4 dxc4 29. Qf4 b4 30. Rf2 Qh1+ 31. Kd2 Bg2 32. Qg3 1-0

[Event "BAN-chT Premier"]
[Site "Dhaka"]
[Date "2025.04.24"]
[Round "1.4"]
[White "Abdul, Momin"]
[Black "Anisur, Rahman"]
[Result "0-1"]
[WhiteElo "2009"]
[BlackElo "1851"]
[PlyCount "122"]
[EventDate "2025.04.24"]
[EventType "team-tourn"]
[EventRounds "9"]
[EventCountry "BAN"]
[SourceTitle "CB20_2025"]
[SourceDate "2025.05.14"]
[SourceVersion "1"]
[SourceVersionDate "2025.05.14"]
[SourceQuality "1"]
[WhiteTeam "Khelaghor Daba Sangah"]
[BlackTeam "Bangladesh Police"]
[WhiteTeamCountry "BAN"]
[BlackTeamCountry "BAN"]

1. e4 c5 2. Nf3 e6 3. Nc3 Nc6 4. Be2 Nd4 5. 0-0 a6 6. b3 g6 7. a4 Bg7 8. Ba3 Qc7 9. Re1 Ne7 10. b4 d6 11. Ra2 0-0 12. bxc5 dxc5 13. Bc4 b6 14. Nb1 Bb7 15. Nxd4 Bxd4 16. c3 Be5 17. g3 Rfd8 18. Qg4 Nc6 19. Bb3 Bg7 20. Qe2 Ne5 21. f4 Nd3 22. Rf1 c4 23. Bc2 Qc6 24. Bxd3 cxd3 25. Qe3 Qxe4 26. Qxe4 Bxe4 27. a5 b5 28. Bc5 Rdc8 29. Bb6 Bf8 30. Kf2 Rab8 31. Re1 f5 32. Be3 Rc4 33. Rb2 Ra4 34. Bb6 Rc8 35. Rc1 Rcc4 36. Re1 Kf7 37. Ke3 Rxa5 38. Bd4 Ra1 39. g4 Ke8 40. Rg1 Kd7 41. g5 Kc6 42. Rg3 Kd5 43. Rh3 Rc7 44. c4+ Kxc4 45. Rxb5 axb5 46. Nc3 b4 47. Nxe4 Re1+ 48. Kf2 Rxe4 49. Be5 Bc5+ 50. Kf3 Rxe5 51. fxe5 b3 52. Rh4+ Bd4 53. Rh6 b2 54. h4 b1Q 55. h5 Qd1+ 56. Kg2 Qxd2+ 57. Kh1 Qxg5 58. Rxg6 Qxh5+ 59. Kg2 Qxg6+ 60. Kh3 Rg7 61. Kh2 Qg2# 0-1